| 000 | 00998nam a2200241Ia 4500 | ||
|---|---|---|---|
| 001 | 9984 | ||
| 003 | GE_BSU | ||
| 008 | 181216s||||||||xx |||||||||||||| ||und|| | ||
| 040 | _cGE_BSU | ||
| 080 | _a821.353.1–13 | ||
| 100 | _aრუსთაველი,შოთა | ||
| 245 | _aვეფხისტყაოსანი | ||
| 245 | _bპოემა | ||
| 245 | _cსარედ. კოლ.ირ.აბაშიძე და სხვ.ილ. ს.ქობულაძე.დეკორაც.გაფორმ.:თ.სამსონაძისა და ნოდიასი | ||
| 260 | _aთბილისი | ||
| 260 | _bსაბჭოთა საქართველო | ||
| 260 | _c1966 | ||
| 300 | _a304გვ.ილ.30სმ. | ||
| 520 | _aდაიბეჭდა შ.რუსთაველის დაბადების 800 წლისთავზე | ||
| 653 | _aვეფხისტყაოსანი | ||
| 653 | _aპოემა | ||
| 942 | _cBK | ||
| 999 |
_c43257 _d43257 |
||